Môi trường và bảo vệ môi trường Tài liệu lưu hành nội bộ
Kaydedildi:
| Materyal Türü: | Kitap |
|---|---|
| Dil: | Vietnamese |
| Baskı/Yayın Bilgisi: |
Đồng Tháp
ĐHSP Đồng Tháp
2006
|
| Konular: | |
| Etiketler: |
Etiketle
Etiket eklenmemiş, İlk siz ekleyin!
|
| Thư viện lưu trữ: | Trung tâm Học liệu Lê Vũ Hùng, Trường Đại học Đồng Tháp |
|---|
| LEADER | 00719pam a22002058a 4500 | ||
|---|---|---|---|
| 001 | 00025784 | ||
| 005 | 20171026081023.0 | ||
| 008 | 110811s2006 ||||||viesd | ||
| 041 | 0 | # | |a vie |
| 082 | 1 | 4 | |a 333.7 |b M452TR |
| 245 | 0 | 0 | |a Môi trường và bảo vệ môi trường |b Tài liệu lưu hành nội bộ |
| 260 | # | # | |a Đồng Tháp |b ĐHSP Đồng Tháp |c 2006 |
| 300 | # | # | |a 88tr. |c 20cm. |
| 653 | # | # | |a bảo vẽ môi trường |
| 653 | # | # | |a môi trường |
| 852 | # | # | |b Kho giáo trình |j KGT.0027515 |
| 852 | # | # | |b Kho mượn |j KGT.0027515 |
| 852 | # | # | |j KGT.0027515 |
| 910 | |d 11/08/2011 | ||
| 980 | # | # | |a Trung tâm Học liệu Lê Vũ Hùng, Trường Đại học Đồng Tháp |